Normal view
MARC view
Entry Personal Name
001 - CONTROL NUMBER
- control field: 165023
003 - CONTROL NUMBER IDENTIFIER
- control field: OSt
005 - DATE AND TIME OF LATEST TRANSACTION
- control field: 20220923221102.0
008 - FIXED-LENGTH DATA ELEMENTS
- fixed length control field: 220923|| aca||aabn | a|a d
040 ## - CATALOGING SOURCE
- Original cataloging agency: OSt
- Transcribing agency: OSt
100 ## - HEADING--PERSONAL NAME
- Personal name: प्रेमचन्द; झारी, कृष्ण देव, संपा
670 ## - SOURCE DATA FOUND
- Source citation: Work cat.: (OSt)347089: प्रेमचन्द; झारी, कृष्ण देव, संपा., चालीस श्रेष्ठ कहातियॉ, 1993
